Every Other Letter - Sudden Death - Statistics

General Stats
  • This quiz has been taken 190 times
  • The average score is 10 of 13
Answers on the Grid
Answers color-coded by a green-red scale on the quiz's grid according to % correct below.
A
B
C
D
E
F
G
H
I
J
K
L
M
N
O
P
Q
R
S
T
U
V
W
X
Y
Z
 
Answer Stats
Answer % Correct
B
91%
D
87%
F
87%
H
85%
L
82%
J
81%
N
79%
P
78%
R
76%
T
76%
V
72%
X
70%
Z
68%
No matching quizzes found
Score Distribution
Percent of People with Each Score
Percentile by Number Answered
Your Score History
You have not taken this quiz